000 00700cab a2200253 4500
001 ABS50097
008 090401t1994 xxu||||| |||| 00| 0 eng d
035 _a(Sirsi) u74149
041 _aeng
245 _aForesite
260 _c1994
350 _a0
490 _aBuilding
_v259(7829) 4 February 1994, 36-39(4)
520 _aThe latest survey of lead times for 38 building components. A special feature on piling.
650 _aBUILT ENVIRONMENT-BUILDING MATERIALS
650 _aFORESITE INDEX
650 _aGARDINER & THEOBALD
650 _aLEAD TIMES
650 _aMACE
650 _aPILING
690 _aBUILT ENVIRONMENT-BUILDING MATERIALS
942 _n0
948 _c04/03/1997
999 _c46808
_d46808